Faktory a výsledky hospodárskeho rozvoja krajín RVHP príspevok k teórii socialistickej rozšírenej reprodukcie

Bibliographic Details
Main Author: Okáli, Ivan, 1929- (Author)
Format: Book
Language:Slovak
PhysicalDescription:451 s. grafy, tabuľky 21 cm
Published: Bratislava Pravda 1980
Edition:1. vyd.
Series:Členská knižnica Pravda
Subjects:

MARC

LEADER 00000cam a2200000 a 4500
001 vtls001100897
003 SK-MaSNL
005 20260301141228.0
008 230501s1980 xo da r 00100 slo
015 |a SNBA1981 
020 |q (viazané) 
035 |a SNK000043739 
035 |a 91BE4289-563A-4584-8088-F1FEAAC90DDA 
035 |a urn:nbn:sk:snk-am00iitd 
040 |a SNK  |b slo  |c SNK  |e AACR2 
041 0 |a slo 
044 |a xo  |c SK 
072 7 |a 33  |x Ekonómia  |2 konspekt 
080 |a 330.34  |2 2011 
080 |a (048.8)  |2 2011 
100 1 |a Okáli, Ivan,  |d 1929-  |4 aut  |9 117216 
245 1 0 |a Faktory a výsledky hospodárskeho rozvoja krajín RVHP  |b príspevok k teórii socialistickej rozšírenej reprodukcie  |c Ivan Okáli 
250 |a 1. vyd. 
260 |a Bratislava  |b Pravda  |c 1980  |e Bratislava  |f Pravda 
300 |a 451 s.  |b grafy, tabuľky  |c 21 cm 
366 |e 5200 výtl. 
490 1 |a Členská knižnica Pravda 
504 |a Obsahuje bibliografické odkazy a register 
650 0 7 |a ekonomický rozvoj  |2 SNKPH  |9 49952 
650 0 7 |a Economic development  |2 SNKPHeng  |9 265578 
655 7 |a monografie  |2 SNKPH  |9 70139 
655 7 |a Monographs  |2 SNKPHeng  |9 120675 
830 0 |a Členská knižnica Pravda  |9 276635 
852 |a Slovenská národná knižnica 
954 |a odborná, vedecká literatúra pôvodná (slovenská) 
958 |a OND 
958 |a NB 
958 |a TL 
958 |a EUIPO 
999 |c 766449  |d 768379 
952 |a SNK  |b SNK  |y VYP  |7 0  |p 17A0218290  |o snkSC 51491 D1  |0 0  |1 0  |4 0  |d 1999-11-16  |l 0  |r 2004-12-31 00:00:00  |w 2026-02-24 
952 |a SNK  |b SNK  |y PREZ  |7 0  |p 17A0853533  |o snkSC 51491  |i snkKSP 701/81  |0 0  |1 0  |4 0  |d 2012-08-01  |f 1  |l 0  |r 2025-11-04 00:00:00  |w 2026-02-24